[Event "Gjøvik GM Swiss"]
[Site "Gjøvik, Norway"]
[Date "2009.01.01"]
[Round "4"]
[White "Kovachev, Daniel Jakobsen"]
[Black "Tsiolakidis, Anastasios"]
[Result "1-0"]
[WhiteElo "2227"]
[BlackElo "2348"]
[PlyCount "89"]
[EventDate "2008.12.29"]
[SourceDate "2008.12.29"]

1. e4 c5 2. Nf3 Nc6 3. Bb5 g6 4. Bxc6 bxc6 5. O-O Bg7 6. Re1 Nf6 7. e5 Nd5 8.
c4 Nc7 9. d4 cxd4 10. Qxd4 O-O 11. Qh4 f6 12. exf6 exf6 13. Bh6 Ne6 14. Bxg7
Kxg7 15. Nc3 f5 16. Qxd8 Rxd8 17. Rad1 d6 18. Nd4 Nxd4 19. Rxd4 Kf6 20. Red1
Ke7 21. c5 d5 22. Rh4 Kf6 23. Rxh7 d4 24. Ne2 d3 25. Nc3 Rb8 26. b3 Ke5 27.
Rxa7 Kd4 28. Na4 f4 29. Rc7 Rd5 30. Rxc6 Bd7 31. Rb6 Rxb6 32. Nxb6 Rxc5 33.
Nxd7 Rc2 34. Kf1 Rxa2 35. Nb6 Rb2 36. Nc4 Rxb3 37. Nd2 Rb2 38. Nf3+ Kc3 39. g3
fxg3 40. hxg3 g5 41. Ne1 d2 42. Nf3 g4 43. Nxd2 Kc2 44. Re1 Kxd2 45. Re2+ 1-0

[Event "Gjøvik GM Swiss"]
[Site "Gjøvik, Norway"]
[Date "2009.01.01"]
[Round "4"]
[White "Skrondal, Inge Sandstad"]
[Black "Korneev, Oleg"]
[Result "0-1"]
[WhiteElo "2216"]
[BlackElo "2623"]
[PlyCount "50"]
[EventDate "2008.12.29"]
[SourceDate "2008.12.29"]

1. Nf3 d5 2. d4 Nf6 3. c4 c6 4. cxd5 cxd5 5. Nc3 Nc6 6. Bf4 a6 7. Rc1 Nh5 8.
Bd2 e6 9. Ne5 Nf6 10. Nxc6 bxc6 11. Na4 Ne4 12. e3 Qh4 13. g3 Qf6 14. f3 Nxd2
15. Kxd2 Rb8 16. Ke2 e5 17. b3 e4 18. Bg2 Ba3 19. Rc2 Bf5 20. Rc3 Bb4 21. Rc1
exf3+ 22. Bxf3 O-O 23. g4 Bg6 24. h4 Rfe8 25. Rh3 Qf4 0-1

[Event "Gjøvik GM Swiss"]
[Site "Gjøvik, Norway"]
[Date "2009.01.01"]
[Round "4"]
[White "Strand, Kjetil"]
[Black "Pettersen, Joar Gullestad"]
[Result "1-0"]
[WhiteElo "2057"]
[BlackElo "2016"]
[PlyCount "45"]
[EventDate "2008.12.29"]
[SourceDate "2008.12.29"]

1. e4 c5 2. Nf3 a6 3. d4 cxd4 4. Nxd4 e5 5. Ne2 Nf6 6. Nbc3 Bc5 7. Ng3 Qb6 8.
Qf3 d6 9. Bc4 Bg4 10. Nd5 Bxf3 11. Nxb6 Bxg2 12. Nxa8 Ng4 13. Nc7+ Kd7 14. Nd5
Bxf2+ 15. Ke2 f5 16. Be3 Bxg3 17. Rhg1 Nxh2 18. exf5 Bf3+ 19. Kd2 Bxd5 20. Bxd5
Bh4 21. Rxg7+ Ke8 22. Rh1 Bf6 23. Rxb7 1-0

[Event "Gjøvik GM Swiss"]
[Site "Gjøvik, Norway"]
[Date "2009.01.01"]
[Round "4"]
[White "Gandrud, Vegar Koi"]
[Black "Agdestein, Emil Døving"]
[Result "0-1"]
[WhiteElo "2023"]
[BlackElo "2145"]
[PlyCount "34"]
[EventDate "2008.12.29"]
[SourceDate "2008.12.29"]

1. d4 Nf6 2. c4 e6 3. Nf3 c5 4. d5 b5 5. Bg5 exd5 6. cxd5 d6 7. e4 a6 8. Bd3
Be7 9. O-O O-O 10. Re1 Bg4 11. h3 Bxf3 12. Qxf3 c4 13. e5 Nfd7 14. Bxe7 Qxe7
15. Bc2 Nxe5 16. Qe4 f5 17. Qf4 Nf3+ 0-1

[Event "Gjøvik GM Swiss"]
[Site "Gjøvik, Norway"]
[Date "2009.01.01"]
[Round "4"]
[White "Tjølsen, Katrine"]
[Black "Haug, Marianne Wold"]
[Result "1-0"]
[WhiteElo "2110"]
[BlackElo "1940"]
[PlyCount "53"]
[EventDate "2008.12.29"]
[SourceDate "2008.12.29"]

1. g3 c5 2. Bg2 Nc6 3. d3 g6 4. c4 Bg7 5. Nc3 d6 6. e4 e5 7. Nge2 Nge7 8. O-O
O-O 9. Rb1 Be6 10. a3 a5 11. Bd2 f5 12. exf5 Nxf5 13. Bd5 Bxd5 14. Nxd5 Nfd4
15. Nxd4 Nxd4 16. f3 b5 17. b3 Bf6 18. Be3 Rb8 19. Bxd4 cxd4 20. Qe2 Qd7 21.
Kg2 Bg7 22. Rfc1 Rfc8 23. Qd2 Qd8 24. cxb5 Rc5 25. b4 Rcxb5 26. a4 R5b7 27. b5
1-0

[Event "Gjøvik GM Swiss"]
[Site "Gjøvik, Norway"]
[Date "2009.01.01"]
[Round "4"]
[White "Carlsen, Ellen Øen"]
[Black "Gyldenås, Ole-Jørn"]
[Result "1/2-1/2"]
[WhiteElo "1888"]
[BlackElo "2075"]
[PlyCount "42"]
[EventDate "2008.12.29"]
[SourceDate "2008.12.29"]

1. e4 e6 2. d4 d5 3. Nd2 c5 4. exd5 exd5 5. Ngf3 Nc6 6. c3 cxd4 7. Nxd4 Nxd4 8.
cxd4 Nf6 9. g3 Qb6 10. Nb3 Bb4+ 11. Bd2 O-O 12. Be2 Bh3 13. f3 Rfe8 14. Kf2 h5
15. Re1 a5 16. Bxb4 Qxb4 17. Qd2 Qb6 18. Rac1 a4 19. Nc5 a3 20. b3 Bf5 21. Bd3
Bxd3 1/2-1/2

[Event "Gjøvik GM Swiss"]
[Site "Gjøvik, Norway"]
[Date "2009.01.01"]
[Round "4"]
[White "Kulaots, Kaido"]
[Black "Savchenko, Boris"]
[Result "1/2-1/2"]
[WhiteElo "2556"]
[BlackElo "2648"]
[PlyCount "55"]
[EventDate "2008.12.29"]
[SourceDate "2008.12.29"]

1. e4 c5 2. Nf3 d6 3. d4 cxd4 4. Nxd4 Nf6 5. Nc3 Nc6 6. Bg5 e6 7. Qd2 Be7 8.
O-O-O Nxd4 9. Qxd4 O-O 10. f4 Qa5 11. e5 dxe5 12. Qxe5 Qxe5 13. fxe5 Nd5 14.
Bxe7 Nxe7 15. Bd3 b6 16. Be4 Rb8 17. Rhe1 Bb7 18. Rd7 Bxe4 19. Rxe4 Nc6 20. Nb5
Rbd8 21. Rb7 Rb8 22. Rc7 Rbc8 23. Rxc8 Rxc8 24. Rc4 Ne7 25. Rd4 Nc6 26. Rc4 Ne7
27. Rd4 Nc6 28. Rc4 1/2-1/2

[Event "Gjøvik GM Swiss"]
[Site "Gjøvik, Norway"]
[Date "2009.01.01"]
[Round "4"]
[White "Hammer, Jon Ludvig"]
[Black "Tiviakov, Sergei"]
[Result "1/2-1/2"]
[WhiteElo "2522"]
[BlackElo "2686"]
[PlyCount "34"]
[EventDate "2008.12.29"]
[SourceDate "2008.12.29"]

1. d4 Nf6 2. c4 e6 3. Nc3 Bb4 4. Qc2 c5 5. dxc5 O-O 6. a3 Bxc5 7. Nf3 b6 8. Bf4
Bb7 9. Rd1 Nc6 10. e3 Nh5 11. Bg3 f5 12. Qd2 Nxg3 13. hxg3 Rf7 14. e4 fxe4 15.
Nxe4 Nd4 16. Qd3 Nxf3+ 17. gxf3 g6 1/2-1/2

[Event "Gjøvik GM Swiss"]
[Site "Gjøvik, Norway"]
[Date "2009.01.01"]
[Round "4"]
[White "Malakhatko, Vadim"]
[Black "Elsness, Frode"]
[Result "1-0"]
[WhiteElo "2633"]
[BlackElo "2440"]
[PlyCount "59"]
[EventDate "2008.12.29"]
[SourceDate "2008.12.29"]

1. Nf3 Nf6 2. c4 g6 3. Nc3 d5 4. cxd5 Nxd5 5. Qa4+ Bd7 6. Qh4 Nxc3 7. bxc3 c5
8. Rb1 Qc7 9. Qg3 Qxg3 10. hxg3 b6 11. Ne5 Bf5 12. e4 Be6 13. Bb5+ Nd7 14. d4
Bg7 15. f4 Bxe5 16. fxe5 h5 17. Bg5 Bxa2 18. Rb2 Be6 19. O-O Bg4 20. Ra1 Kd8
21. Bc6 Rc8 22. Bb7 cxd4 23. Bxc8 dxc3 24. Rc2 Kxc8 25. Rxa7 Nc5 26. Ra8+ Kd7
27. Rxh8 Nxe4 28. Be3 b5 29. Rb8 Bd1 30. Ra2 1-0

[Event "Gjøvik GM Swiss"]
[Site "Gjøvik, Norway"]
[Date "2009.01.01"]
[Round "4"]
[White "Mchedlishvili, Mikheil"]
[Black "Kveinys, Aloyzas"]
[Result "1/2-1/2"]
[WhiteElo "2615"]
[BlackElo "2533"]
[PlyCount "59"]
[EventDate "2008.12.29"]
[SourceDate "2008.12.29"]

1. d4 Nf6 2. c4 e6 3. Nf3 d5 4. Nc3 Nbd7 5. cxd5 exd5 6. Bf4 c6 7. h3 Be7 8. e3
O-O 9. Bd3 Re8 10. Qc2 Nf8 11. Bh2 a6 12. O-O g6 13. Ne5 Bd6 14. f4 Nh5 15.
Rae1 f6 16. Nf3 f5 17. Ne5 Be6 18. Kh1 Nd7 19. g4 Ng7 20. Rg1 Rf8 21. Qg2 Nxe5
22. fxe5 Be7 23. Ne2 fxg4 24. hxg4 Bh4 25. Ref1 Rxf1 26. Qxf1 Qa5 27. Nf4 Qd2
28. Bg3 Bg5 29. Bh2 Bh4 30. Rg2 1/2-1/2

[Event "Gjøvik GM Swiss"]
[Site "Gjøvik, Norway"]
[Date "2009.01.01"]
[Round "4"]
[White "Caspi, Israel"]
[Black "Gopal, Geetha Narayanan"]
[Result "0-1"]
[WhiteElo "2408"]
[BlackElo "2548"]
[PlyCount "74"]
[EventDate "2008.12.29"]
[SourceDate "2008.12.29"]

1. d4 Nf6 2. c4 c5 3. d5 e6 4. Nc3 exd5 5. cxd5 d6 6. e4 g6 7. f4 Bg7 8. Bb5+
Nfd7 9. Nf3 a6 10. Bd3 b5 11. a3 O-O 12. O-O c4 13. Bc2 Nc5 14. Be3 Nbd7 15.
Bd4 Re8 16. Bxg7 Kxg7 17. Qd4+ Kg8 18. Rae1 Bb7 19. Re3 Qb6 20. Kh1 a5 21. Ng5
f6 22. Nxh7 Kxh7 23. Rh3+ Kg7 24. e5 dxe5 25. fxe5 Nxe5 26. Ne4 Ncd7 27. Nxf6
Rh8 28. Rxh8 Rxh8 29. Qe4 Qd6 30. Nxd7 Rxh2+ 31. Kg1 Bxd5 32. Rf6 Bxe4 33. Rxd6
Rxg2+ 34. Kf1 Rxc2 35. Nxe5 Rxb2 36. Ng4 Bf5 37. Ne3 c3 0-1

[Event "Gjøvik GM Swiss"]
[Site "Gjøvik, Norway"]
[Date "2009.01.01"]
[Round "4"]
[White "DeFirmian, Nick"]
[Black "Devereaux, Maxim"]
[Result "1-0"]
[WhiteElo "2545"]
[BlackElo "2415"]
[PlyCount "131"]
[EventDate "2008.12.29"]
[SourceDate "2008.12.29"]

1. e4 c5 2. Nf3 Nc6 3. d4 cxd4 4. Nxd4 Nf6 5. Nc3 e5 6. Ndb5 d6 7. Bg5 a6 8.
Na3 b5 9. Bxf6 gxf6 10. Nd5 f5 11. c3 Bg7 12. exf5 Bxf5 13. Nc2 Be6 14. Nce3
Ne7 15. a4 Nxd5 16. Nxd5 O-O 17. Be2 e4 18. Qd2 Bxd5 19. Qxd5 b4 20. O-O bxc3
21. bxc3 Qe7 22. Rac1 Qe5 23. Rfd1 Rfc8 24. Qxd6 Rxc3 25. Rxc3 Qxc3 26. Qd5 Re8
27. Bxa6 e3 28. fxe3 Qxe3+ 29. Kh1 Qd4 30. Qxd4 Bxd4 31. g3 Bc3 32. Kg2 Re4 33.
Bb5 Kg7 34. Kf3 Re7 35. Rd3 Ba5 36. Rd5 Bc3 37. Bd3 Ra7 38. Bb5 Re7 39. Rg5+
Kf6 40. Rc5 Bb4 41. Rh5 Kg7 42. Bd3 Ra7 43. Bc2 h6 44. Rb5 Be1 45. Bb3 Ra5 46.
Rb7 Rf5+ 47. Kg4 Rf2 48. Kh3 Rf5 49. Be6 Rf6 50. Bd7 Kf8 51. Ra7 Rd6 52. Bb5
Rf6 53. Bc4 Rf5 54. Kg4 Rf2 55. a5 h5+ 56. Kh3 h4 57. a6 hxg3 58. hxg3 Rf3 59.
Kg2 Rf2+ 60. Kh3 Rf3 61. Rxf7+ Rxf7 62. Bxf7 Bf2 63. Bd5 Ke7 64. Kg2 Bc5 65.
Kf3 Kf6 66. Ke4 1-0

[Event "Gjøvik GM Swiss"]
[Site "Gjøvik, Norway"]
[Date "2009.01.01"]
[Round "4"]
[White "Dolzhikova, Olga"]
[Black "Gullaksen, Eirik T."]
[Result "0-1"]
[WhiteElo "2291"]
[BlackElo "2400"]
[PlyCount "48"]
[EventDate "2008.12.29"]
[SourceDate "2008.12.29"]

1. e4 e5 2. Nf3 Nc6 3. d4 exd4 4. Bc4 Bc5 5. O-O d6 6. c3 Bg4 7. Qb3 Bxf3 8.
Bxf7+ Kf8 9. Bxg8 Rxg8 10. gxf3 Bb6 11. f4 Qf6 12. Kh1 g5 13. f5 Re8 14. f3 g4
15. Bf4 gxf3 16. Nd2 dxc3 17. Qxc3 Qxc3 18. bxc3 f2 19. Bg3 Be3 20. Rxf2 Rxg3
21. Re2 Rh3 22. Kg2 Bxd2 23. Kxh3 Bxc3 24. Rb1 b5 0-1

[Event "Gjøvik GM Swiss"]
[Site "Gjøvik, Norway"]
[Date "2009.01.01"]
[Round "4"]
[White "Urkedal, Frode Olav Olsen"]
[Black "Bartel, Mateusz"]
[Result "0-1"]
[WhiteElo "2316"]
[BlackElo "2602"]
[PlyCount "62"]
[EventDate "2008.12.29"]
[SourceDate "2008.12.29"]

1. d4 f5 2. Bg5 g6 3. Nd2 Bg7 4. e4 fxe4 5. Nxe4 d5 6. Nc5 b6 7. Nb3 Nh6 8. Nf3
Nf7 9. Bh4 O-O 10. c3 a5 11. Be2 a4 12. Nc1 c5 13. O-O a3 14. b3 cxd4 15. cxd4
Nc6 16. Bb5 Na7 17. Be2 Bg4 18. Ng5 Bf5 19. Bg4 Nh6 20. Bf3 Nb5 21. Ne2 Rc8 22.
Rc1 Qd7 23. Qd2 Kh8 24. Bg3 Rxc1 25. Rxc1 Ng8 26. Qf4 h6 27. Qh4 Bf6 28. Be5
Kg7 29. Bxf6+ Rxf6 30. Nf4 hxg5 31. Qxg5 Nxd4 0-1

[Event "Gjøvik GM Swiss"]
[Site "Gjøvik, Norway"]
[Date "2009.01.01"]
[Round "4"]
[White "Kaplan, Sasha"]
[Black "Mamedjarova, Turkan"]
[Result "1/2-1/2"]
[WhiteElo "2425"]
[BlackElo "2269"]
[PlyCount "67"]
[EventDate "2008.12.29"]
[SourceDate "2008.12.29"]

1. e4 e5 2. Nf3 Nf6 3. Nxe5 d6 4. Nf3 Nxe4 5. Nc3 Nxc3 6. dxc3 Be7 7. Be3 Nd7
8. Qd2 O-O 9. O-O-O c6 10. h4 Qa5 11. Kb1 Ne5 12. h5 Be6 13. b3 Nxf3 14. gxf3
Bf6 15. Kb2 Qd5 16. Bd3 b5 17. Kb1 a5 18. Rdg1 Kh8 19. Bg5 Qe5 20. Bxf6 Qxf6
21. Rg5 b4 22. Rhg1 bxc3 23. Qe3 Rg8 24. Qe4 g6 25. hxg6 fxg6 26. Qxc6 a4 27.
b4 a3 28. Ka1 Qd4 29. Qe4 Qf6 30. Qc6 Qd4 31. Qe4 Qf6 32. Qc6 Qd4 33. Qe4 Qf6
34. Qc6 1/2-1/2

[Event "Gjøvik GM Swiss"]
[Site "Gjøvik, Norway"]
[Date "2009.01.01"]
[Round "4"]
[White "Zozulia, Anna"]
[Black "Umudova, Nargiz"]
[Result "1-0"]
[WhiteElo "2380"]
[BlackElo "2219"]
[PlyCount "115"]
[EventDate "2008.12.29"]
[SourceDate "2008.12.29"]

1. e4 c5 2. c3 d6 3. d4 Nf6 4. Bd3 cxd4 5. cxd4 g6 6. h3 Bg7 7. Nf3 O-O 8. O-O
Nc6 9. Nc3 e5 10. dxe5 dxe5 11. Bc4 Be6 12. Bxe6 fxe6 13. Be3 Qe7 14. Qb3 Nh5
15. Rfd1 h6 16. Ne2 Rae8 17. Rd2 Rf7 18. Rad1 g5 19. Qc4 Qf6 20. b4 Qg6 21. b5
Na5 22. Qb4 b6 23. Rd7 Ref8 24. Rxf7 Rxf7 25. Qd6 Nc4 26. Qc6 Nxe3 27. fxe3 g4
28. Qe8+ Kh7 29. hxg4 Nf6 30. Qxe6 Nxe4 31. Qxg6+ Kxg6 32. Rd5 Rc7 33. Nxe5+
Bxe5 34. Rxe5 Nf6 35. Nf4+ Kh7 36. Re6 Nxg4 37. Kf1 Rc2 38. a4 Rc4 39. Re7+ Kg8
40. Rxa7 Nxe3+ 41. Ke2 Rc3 42. a5 Nc4 43. Nd5 Rb3 44. axb6 Nxb6 45. Nxb6 Rxb5
46. Nc4 h5 47. Ra5 Rb4 48. Nd2 Rh4 49. Nf3 Rh1 50. Ra4 Rb1 51. Ra5 Rh1 52. Kf2
Kg7 53. Kg3 Kh6 54. Nh4 Rb1 55. Ra6+ Kh7 56. Nf5 Rh1 57. Rh6+ Kg8 58. Nh4 1-0

[Event "Gjøvik GM Swiss"]
[Site "Gjøvik, Norway"]
[Date "2009.01.01"]
[Round "4"]
[White "Arvola, Benjamin"]
[Black "Stokke, Kjetil"]
[Result "0-1"]
[WhiteElo "2096"]
[BlackElo "2334"]
[PlyCount "64"]
[EventDate "2008.12.29"]
[SourceDate "2008.12.29"]

1. d4 Nf6 2. c4 g6 3. Nc3 Bg7 4. e4 d6 5. Nf3 O-O 6. Be2 e5 7. O-O exd4 8. Nxd4
Re8 9. f3 Nc6 10. Be3 Nh5 11. Nc2 f5 12. g4 fxg4 13. fxg4 Nf6 14. g5 Nd7 15.
Kh1 Nce5 16. Nd4 c6 17. Qe1 Nc5 18. Qg3 Nf7 19. Qh4 Qe7 20. Bf3 Ne6 21. Nxe6
Bxe6 22. Be2 Ne5 23. Bd4 Nf3 24. Rxf3 Bxd4 25. Raf1 Rf8 26. Nd1 Rxf3 27. Rxf3
h5 28. Rf4 a5 29. Kg2 a4 30. Rf1 Ra5 31. Qf4 Rxg5+ 32. Kh1 Bh3 0-1

[Event "Gjøvik GM Swiss"]
[Site "Gjøvik, Norway"]
[Date "2009.01.01"]
[Round "4"]
[White "Kvisla, Johannes"]
[Black "Sørgjerd, Jan"]
[Result "1/2-1/2"]
[WhiteElo "2221"]
[BlackElo "2123"]
[PlyCount "72"]
[EventDate "2008.12.29"]
[SourceDate "2008.12.29"]

1. d4 d5 2. c4 c6 3. Nf3 Nf6 4. Qc2 e6 5. g3 Bb4+ 6. Nbd2 Nbd7 7. Bg2 O-O 8.
O-O Re8 9. Rd1 Qe7 10. e4 dxe4 11. Nxe4 Nxe4 12. Qxe4 Nf6 13. Qh4 h6 14. Ne5
Bd6 15. Be3 Bd7 16. Nxd7 Nxd7 17. Qxe7 Rxe7 18. a3 Nf6 19. Rac1 Rc8 20. h3 a6
21. b4 Ree8 22. Rb1 Red8 23. a4 b5 24. Bf1 bxc4 25. Bxc4 Nd5 26. Bd2 Rb8 27.
Bxa6 Bxb4 28. Bxb4 Rxb4 29. Rxb4 Nxb4 30. Be2 Ra8 31. Rb1 Nd5 32. Ra1 Nc3 33.
Bf3 Rxa4 34. Rxa4 Nxa4 35. Bxc6 Nc3 36. Kg2 Ne2 1/2-1/2

[Event "Gjøvik GM Swiss"]
[Site "Gjøvik, Norway"]
[Date "2009.01.01"]
[Round "4"]
[White "Makka, Ioulia"]
[Black "Torgersen, Terje"]
[Result "1/2-1/2"]
[WhiteElo "2220"]
[BlackElo "2051"]
[PlyCount "59"]
[EventDate "2008.12.29"]
[SourceDate "2008.12.29"]

1. e4 c5 2. Nf3 d6 3. d4 cxd4 4. Nxd4 Nf6 5. Nc3 a6 6. Be3 e5 7. Nf3 Be7 8. Bc4
O-O 9. O-O Nc6 10. Re1 b5 11. Bd5 Bb7 12. a3 Na5 13. Bxb7 Nxb7 14. Nd5 Nxd5 15.
Qxd5 Qc7 16. c3 Rfc8 17. a4 bxa4 18. Rxa4 a5 19. Nd2 Qc6 20. Qa2 Nc5 21. Bxc5
Qxc5 22. Nb3 Qb5 23. Rxa5 Rxa5 24. Nxa5 Bd8 25. Nb3 Rb8 26. Nd2 Qxb2 27. Qxb2
Rxb2 28. Nc4 Rc2 29. Nxd6 Bb6 30. Rf1 1/2-1/2

[Event "Gjøvik GM Swiss"]
[Site "Gjøvik, Norway"]
[Date "2009.01.01"]
[Round "4"]
[White "Nyland, Thomas"]
[Black "Bryn, Thomas"]
[Result "1-0"]
[WhiteElo "2140"]
[BlackElo "2025"]
[PlyCount "43"]
[EventDate "2008.12.29"]
[SourceDate "2008.12.29"]

1. d4 d5 2. c4 c6 3. cxd5 cxd5 4. Nf3 Nf6 5. Nc3 Nc6 6. e3 a6 7. Bd3 Bg4 8. Bd2
e6 9. Qb3 Bxf3 10. gxf3 Be7 11. Na4 b5 12. Nc5 Bxc5 13. dxc5 e5 14. Rg1 O-O 15.
Qc2 Re8 16. O-O-O Na5 17. Rg3 e4 18. Be2 exf3 19. Bxf3 Ne4 20. Bxe4 Rxe4 21.
Bc3 g6 22. Qxe4 1-0

[Event "Gjøvik GM Swiss"]
[Site "Gjøvik, Norway"]
[Date "2009.01.01"]
[Round "4"]
[White "Thingstad, Even"]
[Black "Bjerke, Richard"]
[Result "0-1"]
[WhiteElo "2065"]
[BlackElo "2179"]
[PlyCount "92"]
[EventDate "2008.12.29"]
[SourceDate "2008.12.29"]

1. d4 d5 2. c4 c6 3. Nc3 Nf6 4. Nf3 dxc4 5. a4 Bf5 6. e3 e6 7. a5 Bb4 8. Qa4
Qe7 9. Bxc4 h6 10. O-O O-O 11. Bd2 c5 12. dxc5 Bxc5 13. Rac1 a6 14. Rfd1 Nc6
15. Be2 Rfd8 16. Be1 Bb4 17. Na2 Bxe1 18. Rxe1 Bd3 19. Bxd3 Rxd3 20. h3 Rad8
21. Nc3 Nd5 22. Ne4 Ndb4 23. Nc5 R3d5 24. Nb3 Nd3 25. Nfd4 Nxd4 26. Nxd4 Nxe1
27. Rxe1 Qc5 28. b4 Qc3 29. Rb1 e5 30. Nf3 Rb5 31. g3 Rc8 32. Kg2 Rc4 33. Qd1
Rc8 34. Qd6 Qc6 35. Qd2 Qc2 36. Qe1 Qe4 37. Rb2 Rc4 38. Qd2 Rcxb4 39. Qd8+ Kh7
40. Rd2 Rb2 41. Rd7 R5b3 42. Rxf7 Rxf2+ 43. Kxf2 Qxe3+ 44. Kg2 Qe2+ 45. Kh1
Rb1+ 46. Ng1 Qe4+ 0-1

[Event "Gjøvik GM Swiss"]
[Site "Gjøvik, Norway"]
[Date "2009.01.01"]
[Round "4"]
[White "Skvortsov, Mikhail S"]
[Black "Haarr, Jon Kristian"]
[Result "0-1"]
[WhiteElo "2335"]
[BlackElo "2057"]
[PlyCount "112"]
[EventDate "2008.12.29"]
[SourceDate "2008.12.29"]

1. d4 Nf6 2. c4 e5 3. dxe5 Ng4 4. Nf3 Bc5 5. e3 Nc6 6. Be2 Ncxe5 7. O-O O-O 8.
Nc3 Re8 9. h3 Nxf3+ 10. Bxf3 Ne5 11. a3 a5 12. b3 Ra6 13. Bb2 Rh6 14. Ne4 Ba7
15. c5 Nxf3+ 16. Qxf3 Qh4 17. Ng3 Rg6 18. Rac1 d6 19. Rc4 Qd8 20. b4 dxc5 21.
bxc5 Be6 22. Rcc1 Bd5 23. Qf5 Rg5 24. Qc2 Qe7 25. Qc3 Be4 26. Qd4 Bxc5 27. Qc3
Bd6 28. Kh2 h5 29. f4 Rg6 30. Rf2 Qh4 31. Nxe4 Rxe4 32. Rf3 Qg5 33. g3 Qf5 34.
Rf2 b6 35. Rcf1 Qc5 36. Re2 Qxc3 37. Bxc3 Rge6 38. Rfe1 Bxa3 39. Kg2 Bc5 40.
Kf3 a4 41. Be5 Rc4 42. g4 hxg4+ 43. hxg4 c6 44. Rd1 f6 45. Rd8+ Kf7 46. Ba1
Rce4 47. Rd7+ Kf8 48. Be5 Rc4 49. Rh2 Kg8 50. Rd8+ Kf7 51. Rd7+ Re7 52. Rd8
fxe5 53. f5 Ra7 54. g5 a3 55. Rh7 a2 56. f6 Kg6 0-1

[Event "Gjøvik GM Swiss"]
[Site "Gjøvik, Norway"]
[Date "2009.01.01"]
[Round "4"]
[White "Nielsen, Jørgen G."]
[Black "Hansen, Pål Andreas"]
[Result "1-0"]
[WhiteElo "2184"]
[BlackElo "2074"]
[PlyCount "71"]
[EventDate "2008.12.29"]
[SourceDate "2008.12.29"]

1. d4 Nf6 2. c4 g6 3. Nc3 Bg7 4. e4 d6 5. f3 O-O 6. Be3 Nc6 7. Nge2 a6 8. Qd2
Re8 9. Nc1 e5 10. d5 Nd4 11. N1e2 c5 12. dxc6 bxc6 13. Nxd4 exd4 14. Bxd4 d5
15. cxd5 cxd5 16. e5 Nh5 17. Be2 Qh4+ 18. Bf2 Qf4 19. Rd1 Bxe5 20. Nxd5 Qxd2+
21. Rxd2 Bb7 22. Nb6 Rad8 23. Rxd8 Rxd8 24. Nc4 Bd4 25. Bxd4 Rxd4 26. Kf2 Bd5
27. Rc1 Nf4 28. b3 Kf8 29. Ne3 Rd2 30. Rc2 Rxc2 31. Nxc2 a5 32. Ne3 Ke7 33. g3
Nxe2 34. Nxd5+ Kd6 35. Kxe2 Kxd5 36. Kd3 1-0

[Event "Gjøvik GM Swiss"]
[Site "Gjøvik, Norway"]
[Date "2009.01.01"]
[Round "4"]
[White "Flermoen, Peter"]
[Black "Stray, Gunnar"]
[Result "1/2-1/2"]
[WhiteElo "1977"]
[BlackElo "2124"]
[PlyCount "136"]
[EventDate "2008.12.29"]
[SourceDate "2008.12.29"]

1. Nf3 d5 2. d4 c6 3. Bf4 Nf6 4. e3 Bf5 5. c4 e6 6. Nc3 Bd6 7. Bg3 h6 8. Be2
Ne4 9. Nxe4 Bxe4 10. O-O O-O 11. Rc1 Bxg3 12. hxg3 Nd7 13. Nd2 Bg6 14. cxd5
exd5 15. b4 Qb6 16. Qb3 a5 17. a3 axb4 18. axb4 Qa7 19. b5 Qa2 20. Rfd1 Nb8 21.
bxc6 bxc6 22. Qc3 Ra3 23. Ra1 Rxc3 24. Rxa2 c5 25. dxc5 Nc6 26. Nf3 Rxc5 27.
Rad2 Ne7 28. g4 Rfc8 29. Nd4 Rc1 30. Kh2 Be4 31. Kg3 g5 32. Rxc1 Rxc1 33. Ra2
Rc7 34. Ra6 Kg7 35. f3 Bb1 36. f4 gxf4+ 37. exf4 Rc3+ 38. Bf3 Be4 39. f5 Ng8
40. Kf4 Rc4 41. Ke3 Rc3+ 42. Kf2 Rc4 43. Ne2 Nf6 44. Rd6 Bd3 45. Ng3 Be4 46.
Ke3 Rb4 47. Bxe4 dxe4 48. Nh5+ Nxh5 49. gxh5 Rb3+ 50. Kxe4 f6 51. Rd7+ Kg8 52.
Kd5 Re3 53. g4 Re8 54. Kd6 Re4 55. Re7 Rxg4 56. Ke6 Rg5 57. Kxf6 Rxh5 58. Re8+
Kh7 59. Ke6 Rh1 60. f6 Re1+ 61. Kf7 Rf1 62. Re7 Ra1 63. Kf8+ Kh8 64. Rg7 Ra2
65. Kf7 Re2 66. Kg6 Rg2+ 67. Kxh6 Rh2+ 68. Kg6 Rh6+ 1/2-1/2

[Event "Gjøvik GM Swiss"]
[Site "Gjøvik, Norway"]
[Date "2009.01.02"]
[Round "4"]
[White "Getz, Nicolai"]
[Black "Haugstad, Espen"]
[Result "0-1"]
[WhiteElo "2176"]
[BlackElo "2091"]
[PlyCount "66"]
[EventDate "2008.12.29"]
[SourceDate "2008.12.29"]

1. e4 c5 2. b3 Nc6 3. Bb2 e5 4. Nc3 g6 5. Nd5 Bg7 6. f4 Nf6 7. Nf3 exf4 8. Nxf4
O-O 9. d3 Re8 10. Be2 d5 11. O-O dxe4 12. dxe4 Nxe4 13. Bxg7 Kxg7 14. Qxd8 Rxd8
15. Bd3 Nd6 16. Nd5 Bf5 17. Rad1 Rac8 18. c4 Re8 19. h3 Bxd3 20. Rxd3 Nf5 21.
g4 Nfd4 22. Ng5 f5 23. gxf5 Nxf5 24. Rxf5 gxf5 25. Rg3 Nd4 26. Kf2 Re2+ 27. Kf1
Rce8 28. Nf4 Rxa2 29. Ne4+ Kh8 30. Nd6 Re7 31. Nd3 Ra1+ 32. Kg2 Ra6 33. Nxb7
Rxb7 0-1

[Event "Gjøvik GM Swiss"]
[Site "Gjøvik, Norway"]
[Date "2009.01.01"]
[Round "4"]
[White "Nilsen, Joachim B"]
[Black "Lohou, Stephane"]
[Result "1/2-1/2"]
[WhiteElo "2184"]
[BlackElo "2132"]
[PlyCount "99"]
[EventDate "2008.12.29"]
[SourceDate "2008.12.29"]

1. e4 c5 2. Nf3 e6 3. d4 cxd4 4. Nxd4 a6 5. Bd3 Bc5 6. Nb3 Be7 7. Qg4 Nf6 8.
Qxg7 Rg8 9. Qh6 d6 10. g3 Nc6 11. Nc3 Ne5 12. Qe3 Bd7 13. Bd2 Rc8 14. f4 Nc4
15. Bxc4 Rxc4 16. Qd3 Rc8 17. O-O-O Qc7 18. Rhe1 Ng4 19. Qe2 b5 20. a3 a5 21.
h3 Nf6 22. g4 d5 23. e5 Ne4 24. Nd4 Nxc3 25. Bxc3 b4 26. axb4 axb4 27. Bd2 b3
28. Qd3 bxc2 29. Nxc2 Qb7 30. Bc3 Ba4 31. Qxh7 Kd7 32. Qd3 Bb5 33. Qf3 Qa6 34.
Kd2 Rh8 35. Nd4 Bc4 36. Ra1 Qb6 37. Ke3 f6 38. Kd2 fxe5 39. Rxe5 Bb4 40. Qe3
Rxh3 41. Qxh3 Qxd4+ 42. Kc2 Qf2+ 43. Kb1 Bxc3 44. Qxc3 Ba2+ 45. Rxa2 Rxc3 46.
bxc3 Qf1+ 47. Kb2 Qxf4 48. Rh5 Qf2+ 49. Kb3 Qb6+ 50. Kc2 1/2-1/2

[Event "Gjøvik GM Swiss"]
[Site "Gjøvik, Norway"]
[Date "2009.01.01"]
[Round "4"]
[White "Strand, Håkon"]
[Black "Løvik, Lasse Østebø"]
[Result "0-1"]
[WhiteElo "2047"]
[BlackElo "2167"]
[PlyCount "171"]
[EventDate "2008.12.29"]
[SourceDate "2008.12.29"]

1. e4 e5 2. Nf3 Nc6 3. Bb5 a6 4. Ba4 Nf6 5. O-O Be7 6. Re1 b5 7. Bb3 d6 8. c3
O-O 9. h3 Nd7 10. d4 Bf6 11. a4 Bb7 12. Qd3 Na5 13. Bc2 c5 14. Nbd2 Qc7 15. d5
c4 16. Qe2 Nc5 17. Nf1 Bc8 18. Be3 Bd7 19. Bxc5 Qxc5 20. axb5 axb5 21. Ne3 Ra7
22. Nd2 Rfa8 23. Reb1 Bg5 24. Nef1 b4 25. cxb4 Qxb4 26. Nf3 Bh6 27. Qe1 Qxe1
28. Rxe1 Nb3 29. Rxa7 Rxa7 30. Bxb3 cxb3 31. N1d2 f5 32. Nxb3 Rb7 33. Na5 Rb4
34. exf5 Bxf5 35. Nc6 Rb7 36. Ra1 g6 37. Ra8+ Kg7 38. b4 Be4 39. Ra5 Rc7 40.
Ra7 Rxa7 41. Nxa7 Bxd5 42. Nc8 e4 43. Nd4 Bd2 44. Ne7 Bb7 45. Nec6 Kf8 46. Kf1
Ke8 47. Ke2 Bc3 48. Ke3 Kd7 49. b5 d5 50. f3 exf3 51. Ne5+ Kd6 52. Nexf3 Kc5
53. Kd3 Bb2 54. g4 Bc8 55. Nc6 Bd7 56. Ncd4 g5 57. Nb3+ Kb4 58. Nbd4 h6 59. b6
Bc8 60. Kc2 Bxd4 61. Nxd4 Kc5 62. Nf5 Kxb6 63. Nxh6 Be6 64. Kd3 Kc5 65. Nf5 Bc8
66. Ne3 Bd7 67. Nf5 Bb5+ 68. Ke3 Bd7 69. Nd4 Kc4 70. Nf3 Kc3 71. Nd4 Ba4 72.
Ne2+ Kc4 73. Nd4 Bd7 74. Ne2 Bc6 75. Nd4 Be8 76. Ne2 Bd7 77. Nd4 Bc8 78. Ne2
Ba6 79. Nd4 Kc3 80. Nf3 Bb5 81. Nxg5 d4+ 82. Kf2 Bc6 83. Ne6 d3 84. Nf4 d2 85.
Ne2+ Kc4 86. Nd4 0-1